Last Placed African Country by Category - Statistics

General Stats
  • This quiz has been taken 22 times
  • The average score is 8 of 15
Answer Stats
Category Country % Correct
Area (Mainland) The Gambia
100%
Population Seychelles
94%
Population (Mainland) Djibouti
83%
Countries bordered (Landlocked only) Lesotho
78%
Years since Independence South Sudan
72%
Easternmost point Cape Verde
61%
GDP São Tomé and Príncipe
56%
Southernmost point Tunisia
56%
Coastline Democratic Republic of the Congo
50%
Total land area covered by forest Comoros
39%
% of land area covered by forest Egypt
39%
GDP (Mainland) Guinea-Bissau
33%
GDP per capita Somalia
28%
Median age Niger
22%
GDP growth (2020) Libya
17%
No matching quizzes found
Score Distribution
Percent of People with Each Score
Percentile by Number Answered
Your Score History
You have not taken this quiz